Poems /
Emily Dickinson was an American poet who, despite the fact that less than a dozen of her nearly eighteen hundred poems were published during her lifetime, is widely considered one of the most original and influential poets of the 19th century. A complete and mostly unaltered collection of her poetry...
Uloženo v:
| Hlavní autor: | |
|---|---|
| Médium: | E-kniha |
| Jazyk: | Czech |
| Vydáno: |
Praha :
Saga Egmont,
2022
|
| Tagy: |
Žádné tagy |
| LEADER | 01473nam a22002297i 4500 | ||
|---|---|---|---|
| 001 | 312059 | ||
| 007 | ta | ||
| 008 | 260601s2022 xr ||||| |||| 00| 0 cze d | ||
| 020 | |a 9990003841360 | ||
| 044 | |a xr | ||
| 100 | 1 | |a Dickinson, Emily |4 aut | |
| 245 | 1 | 0 | |a Poems / |c Dickinson, Emily |
| 264 | 1 | |a Praha : |b Saga Egmont, |c 2022 | |
| 300 | |a 1 online zdroj (208 stran) | ||
| 336 | |a text |b txt |2 rdacontent | ||
| 337 | |a bez média |b n |2 rdamedia | ||
| 338 | |a online zdroj |b cr |2 rdacarrier | ||
| 520 | 2 | |a Emily Dickinson was an American poet who, despite the fact that less than a dozen of her nearly eighteen hundred poems were published during her lifetime, is widely considered one of the most original and influential poets of the 19th century. A complete and mostly unaltered collection of her poetry became available for the first time in 1955 when The Poems of Emily Dickinson was published by scholar Thomas H. Johnson. Despite unfavorable reviews and skepticism of her literary prowess during the late 19th and early 20th century, critics now consider Dickinson to be a major American poet. | |
| 910 | |a RBIT002 | ||
| 998 | |d 384136 |a https://core.palmknihy.cz/api/books/384136/cover?s0m8p4 |b https://core.palmknihy.cz/api/books/384136/cover/400?s0m8p4 |c https://core.palmknihy.cz/api/books/384136/cover/50?s0m8p4 |e |g 208 |i 9990003841360 |j https://core.palmknihy.cz/api/books/384136/preview.epub |l |q 49 |r 1 |s https://www.palmknihy.cz/kniha/384136 |t ebook |y 2022 |z 1 | ||
| 999 | |d 312057 | ||